[Event "Monarch Assurance Isle of Man 13th"]
[Site "Port Erin IOM"]
[Date "2004.09.30"]
[Round "6.19"]
[White "Bannink, Bernard"]
[Black "Skripchenko, Almira"]
[Result "1-0"]
[WhiteElo "2280"]
[BlackElo "2453"]
[PlyCount "119"]
[EventDate "2004.09.25"]
[EventType "swiss"]
[EventRounds "9"]
[EventCountry "IOM"]
[SourceTitle "BritBase"]
[SourceDate "2008.07.14"]
[SourceVersion "1"]
[SourceVersionDate "2008.07.14"]
[SourceQuality "2"]

1. d4 Nf6 2. Nf3 e6 3. Bg5 c5 4. e3 b6 5. Bd3 Bb7 6. Nbd2 Be7 7. c3 d6 8. O-O
Nbd7 9. e4 h6 10. Bh4 g5 11. Bg3 Nh5 12. e5 d5 13. Ne1 Ng7 14. f4 h5 15. fxg5
Bxg5 16. Qf3 Rf8 17. Bf4 f5 18. Qg3 Bxf4 19. Qg6+ Rf7 20. Rxf4 Qe7 21. Ndf3
O-O-O 22. Ng5 Rff8 23. Be2 Kb8 24. h4 Bc6 25. Bxh5 Nxe5 26. dxe5 Be8 27. Qh7
Bxh5 28. Nxe6 Qxe6 29. Qxg7 Bg4 30. Nf3 Rde8 31. Re1 Rf7 32. Qg5 Rfe7 33. Kf2
Qd7 34. Nh2 d4 35. Nxg4 fxg4 36. cxd4 cxd4 37. Qxg4 Qb5 38. Rxd4 Qxb2+ 39. Re2
Rf8+ 40. Rf4 Qd4+ 41. Kg3 Rxf4 42. Qxf4 Rg7+ 43. Kf3 Qd5+ 44. Qe4 Qf7+ 45. Ke3
Rg3+ 46. Kd2 Qe6 47. Ke1 Rg4 48. Qd3 Kb7 49. Qf3+ Ka6 50. Re4 Rg8 51. Ra4+ Kb5
52. Qb3+ Qxb3 53. axb3 Rxg2 54. Rxa7 Kb4 55. e6 Kxb3 56. e7 Rg8 57. Rb7 Kc4 58.
h5 Kd5 59. Rd7+ Ke6 60. Rd8 1-0

[Event "Monarch Assurance Isle of Man 13th"]
[Site "Port Erin IOM"]
[Date "2004.09.30"]
[Round "6.20"]
[White "McNab, Colin"]
[Black "Rendle, Thomas"]
[Result "1-0"]
[WhiteElo "2427"]
[BlackElo "2258"]
[PlyCount "83"]
[EventDate "2004.09.25"]
[EventType "swiss"]
[EventRounds "9"]
[EventCountry "IOM"]
[SourceTitle "BritBase"]
[SourceDate "2008.07.14"]
[SourceVersion "1"]
[SourceVersionDate "2008.07.14"]
[SourceQuality "2"]

1. c4 f5 2. g3 Nf6 3. Bg2 g6 4. Nc3 d6 5. d3 Bg7 6. e4 Nc6 7. Nge2 O-O 8. O-O
e5 9. Nd5 h6 10. Rb1 Ne7 11. Nxf6+ Rxf6 12. b3 Rf8 13. d4 fxe4 14. dxe5 Bf5 15.
exd6 cxd6 16. Be3 Kh7 17. Nd4 Qd7 18. Nxf5 gxf5 19. f3 exf3 20. Qxf3 Nc6 21.
Rbd1 Rae8 22. Kh1 Qe6 23. Bg1 Be5 24. Bh3 Kg6 25. Qd3 h5 26. Rd2 Rf6 27. g4
hxg4 28. Bxg4 Nb4 29. Bh5+ Kh7 30. Qh3 Rh6 31. Qxf5+ Qxf5 32. Rxf5 Re7 33. Bxa7
Nc6 34. Be3 Rhe6 35. Bf3 Bc3 36. Rg2 Re5 37. Rxe5 Nxe5 38. Be4+ Kh8 39. Bg5 Rf7
40. Rg3 Bd4 41. Rh3+ Kg7 42. Rh7+ 1-0

[Event "Monarch Assurance Isle of Man 13th"]
[Site "Port Erin IOM"]
[Date "2004.09.30"]
[Round "6.22"]
[White "Holzke, Frank"]
[Black "Goodger, Martyn"]
[Result "1-0"]
[WhiteElo "2492"]
[BlackElo "2136"]
[PlyCount "69"]
[EventDate "2004.09.25"]
[EventType "swiss"]
[EventRounds "9"]
[EventCountry "IOM"]
[SourceTitle "BritBase"]
[SourceDate "2008.07.14"]
[SourceVersion "1"]
[SourceVersionDate "2008.07.14"]
[SourceQuality "2"]

1. e4 e5 2. Nf3 Nf6 3. Nxe5 d6 4. Nf3 Nxe4 5. d4 d5 6. Bd3 Bd6 7. O-O O-O 8. c4
c6 9. Qc2 Na6 10. a3 Bg4 11. Ne5 Bxe5 12. dxe5 Nac5 13. f3 Nxd3 14. Qxd3 Nc5
15. Qd4 Nb3 16. Qxg4 Nxa1 17. Bh6 g6 18. Nc3 Qb6+ 19. Rf2 Rfe8 20. Qf4 Qc7 21.
Re2 Re6 22. cxd5 cxd5 23. Qb4 Qb6+ 24. Qxb6 axb6 25. Nxd5 Rc8 26. Re1 Nb3 27.
Rd1 Kh8 28. Bg5 h6 29. Bf6+ Kh7 30. Nf4 Rec6 31. Rd7 R8c7 32. e6 Nc5 33. Rd8
Rc8 34. e7 Nd3 35. Nxd3 1-0

[Event "Monarch Assurance Isle of Man 13th"]
[Site "Port Erin IOM"]
[Date "2004.09.30"]
[Round "6.28"]
[White "Armbruster, Alexander"]
[Black "Hagesaether, Arne"]
[Result "1/2-1/2"]
[WhiteElo "2351"]
[BlackElo "2101"]
[PlyCount "81"]
[EventDate "2004.09.25"]
[EventType "swiss"]
[EventRounds "9"]
[EventCountry "IOM"]
[SourceTitle "BritBase"]
[SourceDate "2008.07.14"]
[SourceVersion "1"]
[SourceVersionDate "2008.07.14"]
[SourceQuality "2"]

1. d4 d5 2. Nf3 c6 3. e3 Nf6 4. Bd3 a6 5. O-O g6 6. Nbd2 Nbd7 7. a4 Bg7 8. c4
O-O 9. cxd5 cxd5 10. b4 Re8 11. Bb2 e5 12. dxe5 Ng4 13. Bd4 Ndxe5 14. Be2 Qd6
15. h3 Nxf3+ 16. Nxf3 Bxd4 17. Qxd4 Re4 18. Qd2 Ne5 19. Nxe5 Rxe5 20. b5 Bf5
21. Rfd1 Rc8 22. Rac1 Rxc1 23. Rxc1 Re4 24. bxa6 bxa6 25. a5 Ra4 26. Rd1 Be6
27. Rb1 Qa3 28. Bxa6 Rxa5 29. Rb8+ Kg7 30. Qd4+ f6 31. Rb7+ Bf7 32. Qa7 Qa1+
33. Kh2 Qe5+ 34. g3 Qe6 35. Re7 Rxa6 36. Rxf7+ Qxf7 37. Qxa6 Qd7 38. Qd3 Qe6
39. Qd4 g5 40. Qa7+ Kg6 41. Qd4 1/2-1/2

[Event "Monarch Assurance Isle of Man 13th"]
[Site "Port Erin IOM"]
[Date "2004.09.30"]
[Round "6.29"]
[White "Howell, David W"]
[Black "Spanton, Tim"]
[Result "1-0"]
[WhiteElo "2334"]
[BlackElo "2004"]
[PlyCount "23"]
[EventDate "2004.09.25"]
[EventType "swiss"]
[EventRounds "9"]
[EventCountry "IOM"]
[SourceTitle "BritBase"]
[SourceDate "2008.07.14"]
[SourceVersion "1"]
[SourceVersionDate "2008.07.14"]
[SourceQuality "2"]

1. e4 c5 2. c3 g6 3. d4 cxd4 4. cxd4 d5 5. Nc3 dxe4 6. Bc4 Nf6 7. Qb3 e6 8. d5
exd5 9. Nxd5 Nxd5 10. Bxd5 Bb4+ 11. Qxb4 Qxd5 12. Qc3 1-0

[Event "Monarch Assurance Isle of Man 13th"]
[Site "Port Erin IOM"]
[Date "2004.09.30"]
[Round "6.30"]
[White "Houska, Jovanka"]
[Black "Werner, Gert"]
[Result "1-0"]
[WhiteElo "2375"]
[BlackElo "2085"]
[PlyCount "75"]
[EventDate "2004.09.25"]
[EventType "swiss"]
[EventRounds "9"]
[EventCountry "IOM"]
[SourceTitle "BritBase"]
[SourceDate "2008.07.14"]
[SourceVersion "1"]
[SourceVersionDate "2008.07.14"]
[SourceQuality "2"]

1. e4 g6 2. d4 Bg7 3. Nf3 c6 4. Nc3 d5 5. h3 Nf6 6. Bd3 dxe4 7. Nxe4 Nxe4 8.
Bxe4 Nd7 9. c3 O-O 10. O-O e5 11. Bg5 Qc7 12. d5 cxd5 13. Bxd5 Nc5 14. b4 Ne6
15. Bd2 Rd8 16. Qb3 h6 17. Rad1 Nf4 18. Bxf4 exf4 19. Bxf7+ Kh7 20. Nh4 Bf5 21.
Nxf5 gxf5 22. Be6 Qxc3 23. Bxf5+ Kh8 24. Qe6 Qf6 25. Qe4 Rf8 26. Bg4 a5 27. b5
b6 28. Rd7 Rae8 29. Qb7 Rd8 30. Rfd1 Rxd7 31. Qxd7 Qb2 32. Qd5 a4 33. Bf3 a3
34. Qc4 Qc3 35. Qc6 Qf6 36. Rd6 Qa1+ 37. Kh2 Qxa2 38. Bd5 1-0

[Event "Monarch Assurance Isle of Man 13th"]
[Site "Port Erin IOM"]
[Date "2004.09.30"]
[Round "6.31"]
[White "Noordhoek, Henk"]
[Black "Ramaswamy, Aarthie"]
[Result "0-1"]
[WhiteElo "2095"]
[BlackElo "2299"]
[PlyCount "102"]
[EventDate "2004.09.25"]
[EventType "swiss"]
[EventRounds "9"]
[EventCountry "IOM"]
[SourceTitle "BritBase"]
[SourceDate "2008.07.14"]
[SourceVersion "1"]
[SourceVersionDate "2008.07.14"]
[SourceQuality "2"]

1. Nf3 Nf6 2. g3 b6 3. Bg2 Bb7 4. O-O g6 5. d4 c5 6. c3 Bg7 7. Be3 d6 8. Qd2 h6
9. Na3 Nbd7 10. Rad1 Nd5 11. Nc2 N7f6 12. Qc1 Nxe3 13. Nxe3 cxd4 14. cxd4 Rc8
15. Qd2 e6 16. Rc1 O-O 17. Rxc8 Qxc8 18. Rc1 Qd7 19. Nd1 a6 20. Nc3 b5 21. a3
Rc8 22. e3 Rc7 23. Na2 Qc8 24. Rxc7 Qxc7 25. Nb4 Nd7 26. Ne1 Bxg2 27. Kxg2 Nb6
28. b3 a5 29. Na2 a4 30. Qb4 Qc6+ 31. Kg1 Nd5 32. Qd2 axb3 33. Nc1 Qc4 34. Qb2
e5 35. Nxb3 exd4 36. Nxd4 Nc3 37. Qb3 Ne2+ 38. Kg2 Nxd4 39. Qxc4 bxc4 40. exd4
Bxd4 41. Nc2 Bc5 42. Kf3 d5 43. a4 Kf8 44. a5 Ke7 45. a6 Kd6 46. Nb4 Ba7 47.
Ke2 Kc5 48. Na2 d4 49. Kf3 Kb5 50. Ke4 Kxa6 51. Nb4+ Kb5 0-1

[Event "Monarch Assurance Isle of Man 13th"]
[Site "Port Erin IOM"]
[Date "2004.09.30"]
[Round "6.32"]
[White "Lutton, J.Ezra"]
[Black "Ashton, Adam"]
[Result "0-1"]
[WhiteElo "2134"]
[BlackElo "2270"]
[PlyCount "118"]
[EventDate "2004.09.25"]
[EventType "swiss"]
[EventRounds "9"]
[EventCountry "IOM"]
[SourceTitle "BritBase"]
[SourceDate "2008.07.14"]
[SourceVersion "1"]
[SourceVersionDate "2008.07.14"]
[SourceQuality "2"]

1. e4 e5 2. Nc3 Nf6 3. Bc4 Nc6 4. d3 Na5 5. Bg5 h6 6. Bxf6 Qxf6 7. Nd5 Qd8 8.
Qh5 Nxc4 9. dxc4 d6 10. O-O-O c6 11. Ne3 Qa5 12. Kb1 Be6 13. f4 g6 14. Qf3 exf4
15. Qxf4 Qe5 16. Qxe5 dxe5 17. Nf3 Bg7 18. Nd2 b6 19. Nb3 Ke7 20. c5 Rhd8 21.
a4 f5 22. Rxd8 Rxd8 23. Rd1 f4 24. cxb6 axb6 25. Rxd8 Kxd8 26. Nf1 g5 27. Nfd2
g4 28. Kc1 h5 29. Kd1 Bf8 30. Ke1 Kc7 31. Ke2 Bh6 32. c3 Kd6 33. c4 h4 34. Kd3
f3 35. gxf3 g3 36. hxg3 hxg3 37. Ke2 Bh3 38. c5+ bxc5 39. Nc4+ Kc7 40. Nxc5 Bf4
41. Ne3 g2 42. Nxg2 Bxg2 43. Ne6+ Kd6 44. a5 Kxe6 45. a6 Bf1+ 46. Kxf1 Be3 47.
Kg2 Kf6 48. Kg3 Kg5 49. f4+ exf4+ 50. Kf3 Ba7 51. e5 Kf5 52. e6 Kxe6 53. Kxf4
Kd5 54. Kf5 Kc5 55. Ke5 Kb5 56. Kd6 c5 57. Kd5 Kxa6 58. Kc4 Ka5 59. b3 Bb6 0-1

[Event "Monarch Assurance Isle of Man 13th"]
[Site "Port Erin IOM"]
[Date "2004.09.30"]
[Round "6.34"]
[White "Van Kemenade, Rudy"]
[Black "Spence, David J"]
[Result "0-1"]
[WhiteElo "2107"]
[BlackElo "2236"]
[PlyCount "78"]
[EventDate "2004.09.25"]
[EventType "swiss"]
[EventRounds "9"]
[EventCountry "IOM"]
[SourceTitle "BritBase"]
[SourceDate "2008.07.14"]
[SourceVersion "1"]
[SourceVersionDate "2008.07.14"]
[SourceQuality "2"]

1. f4 d5 2. Nf3 Nf6 3. g3 Bg4 4. Bg2 Nbd7 5. d3 Bxf3 6. Bxf3 e5 7. Nc3 c6 8.
O-O Be7 9. Qe1 Qb6+ 10. Kh1 O-O-O 11. Bd2 h5 12. b4 Bxb4 13. Rb1 Qa5 14. Rxb4
Qxb4 15. Nxd5 Qd6 16. fxe5 Nxe5 17. Nxf6 gxf6 18. Be4 Kb8 19. Bf4 Ka8 20. Qa5
h4 21. g4 h3 22. Be3 Qb8 23. Rxf6 Nxg4 24. Bf4 Nxf6 25. Bxb8 Rxb8 26. Bf3 Rbg8
27. Qc7 Rg6 28. Bxc6 bxc6 29. Qxc6+ Kb8 30. Qd6+ {(=)} Kb7 31. Qb4+ Kc6 32.
Qc4+ Kd6 33. e4 Rhg8 34. Qd4+ Ke6 35. Qc4+ Ke5 36. Qc5+ Kf4 37. Qf5+ Ke3 38.
Qxh3+ Ke2 39. e5 Rg1# 0-1

[Event "Monarch Assurance Isle of Man 13th"]
[Site "Port Erin IOM"]
[Date "2004.09.30"]
[Round "6.35"]
[White "Horton, Justin"]
[Black "Walton, Alan J"]
[Result "1/2-1/2"]
[WhiteElo "2091"]
[BlackElo "2208"]
[PlyCount "93"]
[EventDate "2004.09.25"]
[EventType "swiss"]
[EventRounds "9"]
[EventCountry "IOM"]
[SourceTitle "BritBase"]
[SourceDate "2008.07.14"]
[SourceVersion "1"]
[SourceVersionDate "2008.07.14"]
[SourceQuality "2"]

1. c4 f5 2. g3 d6 3. Bg2 Nf6 4. Nc3 e5 5. d3 Be7 6. e4 fxe4 7. dxe4 a5 8. Nge2
Be6 9. Nd5 O-O 10. O-O Na6 11. Nec3 Qe8 12. b3 Bd8 13. Ba3 Qg6 14. Qe2 Ne8 15.
Rad1 c6 16. Ne3 Nb4 17. Nc2 Bb6 18. Kh1 h5 19. Na4 Bd8 20. Nxb4 axb4 21. Bxb4
c5 22. Be1 h4 23. f4 exf4 24. Rxf4 hxg3 25. Rxf8+ Kxf8 26. Bxg3 Kg8 27. e5 Bg4
28. Bf3 Bxf3+ 29. Qxf3 Qf7 30. Qxf7+ Kxf7 31. exd6 b6 32. Nc3 Ke6 33. Nb5 Rxa2
34. d7 Nf6 35. Bc7 Ne4 36. Re1 Kxd7 37. Rxe4 Bxc7 38. Nxc7 Kxc7 39. Re7+ Kc6
40. Rxg7 Rb2 41. Rg3 b5 42. cxb5+ Kxb5 43. h4 c4 44. bxc4+ Kxc4 45. h5 Kd5 46.
h6 Rb8 47. h7 1/2-1/2

[Event "Monarch Assurance Isle of Man 13th"]
[Site "Port Erin IOM"]
[Date "2004.09.30"]
[Round "6.36"]
[White "Milligan, Helen"]
[Black "Smith, Andrew P"]
[Result "1/2-1/2"]
[WhiteElo "2077"]
[BlackElo "2205"]
[PlyCount "101"]
[EventDate "2004.09.25"]
[EventType "swiss"]
[EventRounds "9"]
[EventCountry "IOM"]
[SourceTitle "BritBase"]
[SourceDate "2008.07.14"]
[SourceVersion "1"]
[SourceVersionDate "2008.07.14"]
[SourceQuality "2"]

1. e4 e5 2. Nf3 d6 3. d4 Nd7 4. Bc4 Qf6 5. O-O h6 6. Nc3 c6 7. a4 Be7 8. a5 a6
9. Ne2 Bd8 10. b4 Ne7 11. Bb2 Bc7 12. Ra3 Ng6 13. Ne1 Qe7 14. f4 exf4 15. Nd3
O-O 16. Ndxf4 Nxf4 17. Nxf4 Qxe4 18. Raf3 d5 19. Re1 Qxf4 20. Rxf4 Bxf4 21. Bd3
Nf6 22. h3 Bd7 23. Bc1 Bd6 24. Bd2 Rae8 25. Rxe8 Rxe8 26. c3 Ne4 27. Be1 f5 28.
Qc1 g5 29. h4 Bf4 30. Qd1 g4 31. g3 Nxg3 32. Bd2 Bd6 33. Bxh6 f4 34. Qd2 Re3
35. c4 Ne4 36. Bxe4 Rxe4 37. b5 Bf5 38. cxd5 cxd5 39. bxa6 bxa6 40. Qb2 f3 41.
Qc1 Kf7 42. Qg5 Be6 43. Qh5+ Ke7 44. Bg5+ Kd7 45. Qh7+ Kc6 46. Qa7 Re1+ 47. Kf2
Re2+ 48. Kf1 g3 49. Qb6+ Kd7 50. Qd8+ Kc6 51. Qb6+ 1/2-1/2

[Event "Monarch Assurance Isle of Man 13th"]
[Site "Port Erin IOM"]
[Date "2004.09.30"]
[Round "6.37"]
[White "Dunn, Andrew"]
[Black "Nicholson, John"]
[Result "1/2-1/2"]
[WhiteElo "2192"]
[BlackElo "1834"]
[PlyCount "28"]
[EventDate "2004.09.25"]
[EventType "swiss"]
[EventRounds "9"]
[EventCountry "IOM"]
[SourceTitle "BritBase"]
[SourceDate "2008.07.14"]
[SourceVersion "1"]
[SourceVersionDate "2008.07.14"]
[SourceQuality "2"]

1. d4 d5 2. Nf3 Nf6 3. c4 dxc4 4. e3 Bg4 5. Bxc4 e6 6. h3 Bh5 7. Nc3 a6 8. a4
Nc6 9. Be2 Bb4 10. Bd2 O-O 11. O-O Re8 12. Ne5 Nxe5 13. Bxh5 Nc4 14. Be2 Nxd2
1/2-1/2

[Event "Monarch Assurance Isle of Man 13th"]
[Site "Port Erin IOM"]
[Date "2004.09.30"]
[Round "6.38"]
[White "Murtagh, Dermot"]
[Black "Hutchinson, Norman A"]
[Result "1-0"]
[WhiteElo "1889"]
[BlackElo "2176"]
[PlyCount "109"]
[EventDate "2004.09.25"]
[EventType "swiss"]
[EventRounds "9"]
[EventCountry "IOM"]
[SourceTitle "BritBase"]
[SourceDate "2008.07.14"]
[SourceVersion "1"]
[SourceVersionDate "2008.07.14"]
[SourceQuality "2"]

1. e4 c6 2. d4 d5 3. exd5 cxd5 4. Bd3 Nc6 5. c3 Qc7 6. h3 Nf6 7. Ne2 e5 8. dxe5
Nxe5 9. Bb5+ Bd7 10. Bxd7+ Qxd7 11. Nd2 Nd3+ 12. Kf1 Bc5 13. Nb3 Qf5 14. f3 O-O
15. Nxc5 Nxc5 16. Be3 Nd3 17. Nd4 Qg6 18. Rb1 Rfe8 19. Bf2 Nh5 20. g4 Nhf4 21.
Bg3 Re3 22. Nf5 Qa6 23. Kg1 Re2 24. Rh2 Rae8 25. Rxe2 Rxe2 26. Bxf4 Nxf4 27.
Qd4 Qb6 28. Qxb6 axb6 29. Rd1 Nxh3+ 30. Kf1 Rf2+ 31. Ke1 Rxf3 32. Rxd5 h6 33.
Rd8+ Kh7 34. Rd7 Rf4 35. Rxf7 Rxg4 36. Rxb7 Rg5 37. Ne7 Ra5 38. a3 Rb5 39. b4
Ng5 40. c4 Re5+ 41. Kd2 Ne4+ 42. Kd3 Nf6 43. Nc6 Re6 44. Nd4 Re8 45. c5 bxc5
46. bxc5 h5 47. c6 h4 48. c7 Nd5 49. Kc4 Ne7 50. Kc5 g5 51. Kd6 h3 52. Kd7 h2
53. Rb1 g4 54. Kxe8 g3 55. Nf3 1-0

[Event "Monarch Assurance Isle of Man 13th"]
[Site "Port Erin IOM"]
[Date "2004.09.30"]
[Round "6.39"]
[White "Twitchell, Neville"]
[Black "Collier, David"]
[Result "1-0"]
[WhiteElo "2003"]
[BlackElo "2168"]
[PlyCount "55"]
[EventDate "2004.09.25"]
[EventType "swiss"]
[EventRounds "9"]
[EventCountry "IOM"]
[SourceTitle "BritBase"]
[SourceDate "2008.07.14"]
[SourceVersion "1"]
[SourceVersionDate "2008.07.14"]
[SourceQuality "2"]

1. e4 c5 2. Nc3 Nc6 3. g3 g6 4. Bg2 Bg7 5. d3 Rb8 6. Be3 d6 7. Qd2 b5 8. Nge2
b4 9. Nd1 Nd4 10. O-O Qa5 11. Nc1 Nf6 12. f3 O-O 13. Nf2 Bd7 14. f4 Qc7 15. c3
bxc3 16. bxc3 Nc6 17. Ne2 Ng4 18. Nxg4 Bxg4 19. Rac1 Rb6 20. e5 Rfb8 21. h3 Rb2
22. Rc2 Rxc2 23. Qxc2 Bxe2 24. Qxe2 dxe5 25. fxe5 Bxe5 26. Bxc5 Nd8 27. d4 Bf6
28. Rxf6 1-0

[Event "Monarch Assurance Isle of Man 13th"]
[Site "Port Erin IOM"]
[Date "2004.09.30"]
[Round "6.41"]
[White "Allen, Keith"]
[Black "Truman, Richard G"]
[Result "1-0"]
[WhiteElo "2241"]
[BlackElo "2023"]
[PlyCount "67"]
[EventDate "2004.09.25"]
[EventType "swiss"]
[EventRounds "9"]
[EventCountry "IOM"]
[SourceTitle "BritBase"]
[SourceDate "2008.07.14"]
[SourceVersion "1"]
[SourceVersionDate "2008.07.14"]
[SourceQuality "2"]

1. d4 Nf6 2. c4 g6 3. Nc3 Bg7 4. Nf3 d5 5. Qb3 dxc4 6. Qxc4 O-O 7. e4 Nfd7 8.
Be3 Nc6 9. Be2 Nb6 10. Qc5 f5 11. d5 f4 12. dxc6 fxe3 13. Qxe3 Qd6 14. cxb7
Bxb7 15. O-O e5 16. Rac1 c6 17. a3 Rf4 18. Rfd1 Qe7 19. Na4 Raf8 20. Nc5 Bc8
21. Nd3 R4f7 22. Qc5 Bb7 23. Qxe7 Rxe7 24. Rc5 Nd7 25. Ra5 Ra8 26. Nd2 Nb6 27.
Nc5 Bc8 28. Nc4 Nxc4 29. Bxc4+ Kf8 30. Rd8+ Re8 31. Rxe8+ Kxe8 32. Nd3 Bf6 33.
Nxe5 Rb8 34. b3 1-0

[Event "Monarch Assurance Isle of Man 13th"]
[Site "Port Erin IOM"]
[Date "2004.09.30"]
[Round "6.42"]
[White "Fox, Anthony"]
[Black "Dossett, Christopher"]
[Result "1-0"]
[WhiteElo "2123"]
[BlackElo "1886"]
[PlyCount "111"]
[EventDate "2004.09.25"]
[EventType "swiss"]
[EventRounds "9"]
[EventCountry "IOM"]
[SourceTitle "BritBase"]
[SourceDate "2008.07.14"]
[SourceVersion "1"]
[SourceVersionDate "2008.07.14"]
[SourceQuality "2"]

1. e4 c5 2. Nc3 Nc6 3. g3 g6 4. Bg2 Bg7 5. d3 Nf6 6. Be3 d6 7. h3 Bd7 8. Nge2
Rb8 9. O-O b5 10. Qd2 O-O 11. f4 b4 12. Nd1 Qc8 13. Kh2 Rd8 14. c3 a5 15. d4
Nxe4 16. Bxe4 Bxh3 17. Bg2 Bxg2 18. Kxg2 bxc3 19. bxc3 cxd4 20. cxd4 e5 21. Rc1
Qb7 22. Kg1 exd4 23. Nxd4 Nxd4 24. Bxd4 Qd5 25. Be3 Qe6 26. Nc3 Rb4 27. Rfe1
Qg4 28. Bf2 h5 29. Nd5 Rb2 30. Rc2 Rxc2 31. Qxc2 h4 32. Qe2 Qh3 33. Qf1 Qg4 34.
Ne3 Qe6 35. gxh4 Qxa2 36. Qc4 Qxc4 37. Nxc4 d5 38. Nxa5 Bc3 39. Nc6 Bxe1 40.
Nxd8 Bd2 41. Bg3 f6 42. Kf2 g5 43. f5 gxh4 44. Bxh4 Bc3 45. Kf3 Kf8 46. Ne6+
Ke7 47. Bf2 Be5 48. Kg4 Kd6 49. Kh5 Bc3 50. Kg6 Ke5 51. Bh4 Ke4 52. Bxf6 Bb4
53. Bd4 Be7 54. Bc5 Bh4 55. Ng5+ Kf4 56. f6 1-0

[Event "Monarch Assurance Isle of Man 13th"]
[Site "Port Erin IOM"]
[Date "2004.09.30"]
[Round "6.43"]
[White "Waugh, Jonathan C"]
[Black "Pimmingstorfer, Christian"]
[Result "1/2-1/2"]
[WhiteElo "1885"]
[BlackElo "2116"]
[PlyCount "126"]
[EventDate "2004.09.25"]
[EventType "swiss"]
[EventRounds "9"]
[EventCountry "IOM"]
[SourceTitle "BritBase"]
[SourceDate "2008.07.14"]
[SourceVersion "1"]
[SourceVersionDate "2008.07.14"]
[SourceQuality "2"]

1. e4 e5 2. Nf3 Nf6 3. Nc3 Nc6 4. Bb5 Bb4 5. d3 d6 6. h3 O-O 7. O-O Bxc3 8.
bxc3 Qe7 9. Qe2 Nd8 10. Bc4 {(=)} c5 11. Rb1 Be6 12. Bxe6 Nxe6 13. g3 b6 14.
Nh4 g6 15. Bh6 Ng7 16. Bg5 Qe6 17. Bxf6 Qxf6 18. Kh2 Rae8 19. Ng2 Qe6 20. Ne3
f5 21. Nd5 Qf7 22. f3 Nh5 23. Qd2 f4 24. g4 Nf6 25. c4 Nxd5 26. cxd5 {(=)} Qf6
27. c4 Kf7 28. a4 h5 29. Rh1 Rh8 30. g5 Qxg5 31. Rhg1 Qe7 32. Qg2 Reg8 33. Qg5
Qxg5 34. Rxg5 Kf6 35. h4 Rb8 36. Rg2 Rhg8 37. Rg5 Rg7 38. a5 a6 39. axb6 a5 40.
Rg2 Rgb7 41. Rbg1 Rg8 42. Rb1 a4 43. Ra2 Rgb8 44. Rxa4 Rxb6 45. Rba1 g5 46. Kh3
Rb2 47. hxg5+ Kxg5 48. Rg1+ Kf6 49. Ra6 R8b6 50. Ra7 Rb7 51. Rxb7 Rxb7 52. Kh4
Rb3 53. Rd1 Kg6 54. Rg1+ Kh6 55. Rg5 Rxd3 56. Rxh5+ Kg6 57. Rg5+ Kf6 58. Kg4
Rc3 59. Rf5+ Ke7 60. Rh5 Rxc4 61. Rh7+ Kd8 62. Rh6 Kc7 63. Rh7+ Kd8 1/2-1/2

[Event "Monarch Assurance Isle of Man 13th"]
[Site "Port Erin IOM"]
[Date "2004.09.30"]
[Round "6.44"]
[White "Pym, Thomas"]
[Black "Fraser-Mitchell, Jeremy"]
[Result "0-1"]
[WhiteElo "2059"]
[BlackElo "2082"]
[PlyCount "58"]
[EventDate "2004.09.25"]
[EventType "swiss"]
[EventRounds "9"]
[EventCountry "IOM"]
[SourceTitle "BritBase"]
[SourceDate "2008.07.14"]
[SourceVersion "1"]
[SourceVersionDate "2008.07.14"]
[SourceQuality "2"]

1. e4 e6 2. d4 d5 3. Nc3 Bb4 4. e5 c5 5. a3 Bxc3+ 6. bxc3 Qc7 7. h4 cxd4 8.
cxd4 Qc3+ 9. Bd2 Qxd4 10. Nf3 Qe4+ 11. Be3 Ne7 12. Bd3 Qa4 13. h5 Nbc6 14. Rh4
Qa5+ 15. Bd2 Qc7 16. Qe2 Bd7 17. Rg4 g6 18. Bg5 gxh5 19. Rh4 Ng6 20. Bf6 Nxh4
21. Nxh4 Rg8 22. Qxh5 Ne7 23. Rb1 Ba4 24. Qxh7 O-O-O 25. Qxf7 Bxc2 26. Qxe6+
Kb8 27. Rxb7+ Kxb7 28. Ba6+ Ka8 29. Bxe7 Rge8 0-1

[Event "Monarch Assurance Isle of Man 13th"]
[Site "Port Erin IOM"]
[Date "2004.09.30"]
[Round "6.45"]
[White "Gorka, Carl"]
[Black "Cannon, Richard J"]
[Result "0-1"]
[WhiteElo "1882"]
[BlackElo "2060"]
[PlyCount "80"]
[EventDate "2004.09.25"]
[EventType "swiss"]
[EventRounds "9"]
[EventCountry "IOM"]
[SourceTitle "BritBase"]
[SourceDate "2008.07.14"]
[SourceVersion "1"]
[SourceVersionDate "2008.07.14"]
[SourceQuality "2"]

1. e4 e6 2. d4 d5 3. Nc3 Nf6 4. e5 Nfd7 5. f4 c5 6. Nf3 Nc6 7. Be3 a6 8. Qd2 b5
9. dxc5 Bxc5 10. Ne2 Qb6 11. Bxc5 Nxc5 12. Ned4 Ne4 13. Qe3 Na5 14. Nd2 Nxd2
15. Qxd2 Nc4 16. Bxc4 dxc4 17. O-O-O Bb7 18. f5 O-O-O 19. Qf4 Bd5 20. c3 b4 21.
Qg3 Qa5 22. cxb4 Qxb4 23. Qc3 a5 24. Qxb4 axb4 25. Nb5 Kd7 26. Rd4 Ke7 27. Rhd1
Rc8 28. Rg4 exf5 29. Rxg7 Be6 30. Nd6 Rcg8 31. Rxg8 Rxg8 32. g3 Ra8 33. Kb1 c3
34. b3 c2+ 35. Kxc2 Rxa2+ 36. Kd3 Rxh2 37. Ra1 Rg2 38. Ra7+ Kf8 39. Kd4 Rxg3
40. Rxf7+ Bxf7 0-1

[Event "Monarch Assurance Isle of Man 13th"]
[Site "Port Erin IOM"]
[Date "2004.09.30"]
[Round "6.46"]
[White "Webster, Richard J"]
[Black "Fairbairn, Stephen"]
[Result "1/2-1/2"]
[WhiteElo "2008"]
[BlackElo "2057"]
[PlyCount "85"]
[EventDate "2004.09.25"]
[EventType "swiss"]
[EventRounds "9"]
[EventCountry "IOM"]
[SourceTitle "BritBase"]
[SourceDate "2008.07.14"]
[SourceVersion "1"]
[SourceVersionDate "2008.07.14"]
[SourceQuality "2"]

1. d4 Nf6 2. Nf3 g6 3. c4 Bg7 4. Nc3 d5 5. cxd5 Nxd5 6. e4 Nxc3 7. bxc3 O-O 8.
Rb1 c5 9. Be2 Nc6 10. d5 Ne5 11. Bd2 Qc7 12. O-O Ng4 13. h3 Nf6 14. Bd3 c4 15.
Bc2 e6 16. d6 Qa5 17. Rb4 b5 18. Nd4 Bd7 19. Bg5 Qb6 20. f4 a5 21. Rb1 Rab8 22.
Bxf6 Bxf6 23. e5 Bd8 24. Kh1 Qc5 25. Be4 b4 26. Nf3 Qe3 27. Qd4 Qxd4 28. Nxd4
Bb6 29. Nc2 Bc5 30. cxb4 axb4 31. g4 f6 32. f5 gxf5 33. gxf5 fxe5 34. fxe6
Rxf1+ 35. Rxf1 Bxe6 36. Rf6 Bf7 37. d7 b3 38. axb3 cxb3 39. Rc6 Rd8 40. Rxc5
bxc2 41. Bf5 Kf8 42. Rxc2 Bg6 43. Rf2 1/2-1/2

[Event "Monarch Assurance Isle of Man 13th"]
[Site "Port Erin IOM"]
[Date "2004.09.30"]
[Round "6.47"]
[White "Bennion, David A"]
[Black "Marks, Ian A"]
[Result "1-0"]
[WhiteElo "2052"]
[BlackElo "1910"]
[PlyCount "75"]
[EventDate "2004.09.25"]
[EventType "swiss"]
[EventRounds "9"]
[EventCountry "IOM"]
[SourceTitle "BritBase"]
[SourceDate "2008.07.14"]
[SourceVersion "1"]
[SourceVersionDate "2008.07.14"]
[SourceQuality "2"]

1. e4 c5 2. Nf3 d6 3. d4 cxd4 4. Nxd4 Nf6 5. Nc3 a6 6. Bg5 e6 7. f4 Qc7 8. Qf3
b5 9. O-O-O b4 10. Nce2 Nbd7 11. Ng3 Bb7 12. Bxf6 Nxf6 13. Bd3 Be7 14. Nh5 Nxh5
15. Qxh5 Qc5 16. f5 g6 17. Qh3 Bg5+ 18. Kb1 Bf6 19. Nf3 exf5 20. exf5 O-O 21.
Qh6 Rac8 22. Ng5 Bxg5 23. Qxg5 Rfe8 24. Qh6 Qe3 25. Qh4 Bxg2 26. Rhg1 Qh3 27.
Qf6 Be4 28. Bxe4 Rxe4 29. fxg6 hxg6 30. Rxg6+ fxg6 31. Qxg6+ Kh8 32. Rg1 Re1+
33. Rxe1 Rg8 34. Qf6+ Rg7 35. Rg1 Qh7 36. Qxg7+ Qxg7 37. Rxg7 Kxg7 38. Kc1 1-0